NCAA Division 1 schools in Virginia - Statistics

General Stats
  • This quiz has been taken 179 times
  • The average score is 9 of 14
Answer Stats
Primary conference Full name School % Correct
ACC University of Virginia Virginia
99%
ACC Virginia Tech Virginia Tech
99%
Colonial James Madison University James Madison
80%
A10 University of Richmond Richmond
76%
CUSA Old Dominion University Old Dominion
74%
ASUN Liberty University Liberty
73%
A10 Virginia Commonwealth University VCU
65%
Colonial College of William & Mary William & Mary
65%
A10 George Mason University George Mason
64%
MEAC Norfolk State University Norfolk State
57%
Southern Virginia Military Institute VMI
54%
Big South Hampton University Hampton
48%
Big South Radford University Radford
42%
Big South Longwood University Longwood
38%
No matching quizzes found
Score Distribution
Percent of People with Each Score
Percentile by Number Answered
Your Score History
You have not taken this quiz